Tuyển tập Hoàng Trung Thông

Сохранить в:
Библиографические подробности
Главный автор: Hoàng, Trung Thông
Формат:
Язык:Undetermined
Опубликовано: Hà Nội Hội nhà văn 2015
Предметы:
Метки: Добавить метку
Нет меток, Требуется 1-ая метка записи!
Thư viện lưu trữ: Trung tâm Học liệu Trường Đại học Cần Thơ
LEADER 00584nam a2200193Ia 4500
001 CTU_210274
008 210402s9999 xx 000 0 und d
082 |a 895.922334 
082 |b Th455 
100 |a Hoàng, Trung Thông 
245 0 |a Tuyển tập Hoàng Trung Thông 
245 0 |c Hoàng Trung Thông 
260 |a Hà Nội 
260 |b Hội nhà văn 
260 |c 2015 
650 |a Vietnamese literature,Văn học Việt Nam 
650 |y 20th century,Thế kỷ 20 
904 |i Trúc 
980 |a Trung tâm Học liệu Trường Đại học Cần Thơ